Cena, cenotvorba a ziskovosť

Faktory a prístupy ovplyvňujúce stanovenie predajnej ceny produktu. Faktory a prístupy ovplyvňujúce ziskovosť na jednotlivého odberateľa a produktu. Základné typy cenových stratégií. Stanovenie optimálnej predajnej ceny produktu.

Gespeichert in:
Bibliographische Detailangaben
1. Verfasser: Naščáková, Jana
Weitere Verfasser: Danková, Lenka, 1993-
Format: Buchkapitel
Sprache:Slowakisch
Schlagworte:
Tags: Tag hinzufügen
Keine Tags, Fügen Sie das erste Tag hinzu!

MARC

LEADER 00000nla a2200000 4500
001 0238589
005 20240502073848.4
041 0 |a slo 
044 |a SK 
245 1 0 |a Cena, cenotvorba a ziskovosť  |c Jana Naščáková, Lenka Danková 
520 |a Faktory a prístupy ovplyvňujúce stanovenie predajnej ceny produktu. Faktory a prístupy ovplyvňujúce ziskovosť na jednotlivého odberateľa a produktu. Základné typy cenových stratégií. Stanovenie optimálnej predajnej ceny produktu. 
610 2 0 |a ceny 
610 2 0 |a tvorba cien 
610 2 0 |a kalkulácia cenová 
610 2 0 |a stratégia cenová 
610 2 0 |a produkty 
610 2 0 |a spotrebitelia 
610 2 0 |a odberatelia 
610 2 0 |a zisk 
100 1 |a Naščáková, Jana 
700 1 |a Danková, Lenka, 1993-